000 01118nam a2200289 i 4500
001 bg
245 0 0 _aRewitalizacja kompleksu Księżego Młyna [Dokument elektroniczny] =
_b(Revitalising the Księży Młyn) /
_cpod red. Tadeusza Markowskiego.
260 _aWarszawa :
_bKPZK,
_c2006.
300 _a1 dysk optyczny (CD-ROM) ;
_c12 cm.
490 1 _aBiuletyn / Polska Akademia Nauk. Komitet Przestrzennego Zagospodarowania Kraju,
_x0079-3493 ;
_vz. 229
500 _aDane tekstowe.
650 9 _aBudownictwo miejskie
_xochrona i konserwacja
650 9 _aBudownictwo przemysłowe
_xzabytki
_zPolska
650 9 _aUrbanistyka
651 9 _aŁódź (woj. łódzkie)
_xplanowanie przestrzenne
655 _aMateriały konferencyjne
655 _aDokumenty elektroniczne
700 1 _aMARKOWSKI, Tadeusz.
_eRed.
830 0 _aBiuletyn (Polska Akademia Nauk. Komitet Przestrzennego Zagospodarowania Kraju) ;
_vz. 229
020 _a8389693864
040 _cBPK
041 0 _apol
080 _a725.4:72.025:711.4/.8](061)
920 _a83-89693-86-4
942 _cCD
008 s pl f |000 0 pol
999 _c24081
_d24081
856 _uhttp://koha.tu.koszalin.pl/cgi-bin/koha/opac-detail.pl?biblionumber=24081
_yKatalog online BPK